Tri roky účinnosti inštitútu vkladu vlastníckeho práva do katastra nehnuteľností

Bibliographic Details
Main Author: Horňanský, Imrich, 1940- (Author)
Format: Article
Language:Slovak
PhysicalDescription:Tab. 1, lit. 6 zázn. v slov.
Subjects:

MARC

LEADER 00000nab a2200000 a 4500
001 vtls000616191
003 SK-MaSNL
005 20260304085515.0
008 250425c1996 xo 0 slo
015 |a SNBRB19rr/mm-uuuuu 
035 |a CL0616330 
035 |a urn:nbn:sk:snk-abg8s 
035 |a (urnnbn)urn:nbn:sk:snk:ar-0037jn 
035 |a (uuid)43fb6e1e-4f82-4b5b-97cc-3de27dcf25f9 
040 |a SNKBUCL  |b slo  |c SNKBUCL  |e AACR2 
041 0 |a slo 
044 |a xo  |c SK 
080 |a 347.235:347.136  |2 1981 
080 |a 347.136  |2 1981 
100 1 |a Horňanský, Imrich,  |d 1940-  |4 aut  |9 239890 
245 1 0 |a Tri roky účinnosti inštitútu vkladu vlastníckeho práva do katastra nehnuteľností  |c Imrich Horňanský 
300 |b Tab. 1, lit. 6 zázn. v slov. 
650 0 7 |a kataster nehnuteľností  |2 snkbucl  |9 2235 
650 0 7 |a vklady vlastníckeho práva  |2 snkbucl  |9 1255381 
655 7 |a články z novín a časopisov  |2 snkbucl  |9 267496 
773 0 |t Justičná revue  |g Roč. 48, č. 3 (1996), s. 1-6 
850 |a Slovenská národná knižnica 
852 |a Slovenská národná knižnica 
954 |a odborná, vedecká literatúra pôvodná (slovenská)  |2 lita 
958 |a article27 
958 |a OND 
958 |a SK 
958 |a NX 
958 |a RK 
958 |a EUIPO 
992 |a RBX 
999 |c 2808335  |d 2810265